00250pam a2200109 a 4500020000500000041000500005082001700010100001700027245004600044260003400090300001600124 c h a751.422bPRE aJean Hains . aWorld of water colourhTextual Documents a[s.l]:bsearch Press ,c2015. a176:bHard.